Técnicas de investigación criminal I (Registro nro. 7713)

Detalles MARC
000 -Cabecera
Campo de control de longitud fija 00709ntm a22002777a 4500
005 - Fecha y hora de la última transacción
Campo de control 20251119144618.0
008 - Elementos de longitud fija--Información general
Campo de control de longitud fija 160225b2012 xxu||||| |||| 00| | spa d
020 ## - International Standard Book Number
Número Internacional Estándar del Libro (ISBN) 9789507415821
041 ## - Idioma
Código de idioma Español
082 ## - Clasificación Decimal Dewey
Número de clasificación 363.256.2 L817t
100 ## - Entrada principal--Autor personal
Nombre personal Locles, Roberto Jorge
9 (RLIN) 5424
245 ## - Título propiamente dicho
Título Técnicas de investigación criminal I
260 ## - Pie de imprenta
Lugar de publicación, distribución, etc. México
260 ## - Pie de imprenta
Nombre del editor, distribuidor, etc. Hammurabi
260 ## - Pie de imprenta
Fecha de publicación, distribución, etc. 2012
300 ## - Descripción física
Extensión 166 páginas
490 ## - Serie
Título de la Serie Investigación Criminal
650 ## - Materia general
Temática (materia general) BALÍSTICA
650 ## - Materia general
Temática (materia general) INVESTIGACIÓN CRIMINAL
650 ## - Materia general
Temática (materia general) CRIMINALÍSTICA
650 ## - Materia general
Temática (materia general) SIGNOS EN LAS MUNICIONES
650 ## - Materia general
Temática (materia general) PÓLVORAS
650 ## - Materia general
Temática (materia general) ARMAS DE GUERRA
650 ## - Materia general
Temática (materia general) EXPLOSIVOS
942 ## - Punto de acceso adicional KOHA
Tipo de ítem KOHA Libro
Fuente del sistema de clasificación o colocación Dewey Decimal Classification
Existencias
Signatura completa Código de barras Programa Académico Tipo de ítem
363.256.2 L817t 17447 Investigación Criminal Libro
363.256.2 L817t 20491 Investigación Criminal Libro